Członkowie FIFA - Statystyki

Ogólne statystyki
  • Ten quiz został rozwiązany 272 razy
  • Średni wynik to 111 z 211
Statystyki odpowiedzi
Federacja Reprezentacja % Poprawnych
UEFA Polska
92%
UEFA Anglia
83%
UEFA Francja
83%
UEFA Rosja
83%
UEFA Niemcy
81%
UEFA Belgia
79%
UEFA Hiszpania
79%
UEFA Irlandia
79%
UEFA Litwa
79%
UEFA Portugalia
79%
UEFA Estonia
78%
UEFA Łotwa
78%
UEFA Włochy
78%
UEFA Andora
77%
UEFA Austria
77%
UEFA Czechy
77%
UEFA Słowacja
77%
UEFA Szwecja
77%
UEFA Ukraina
77%
UEFA Norwegia
76%
UEFA San Marino
76%
UEFA Albania
75%
UEFA Chorwacja
75%
CONCACAF Stany Zjednoczone
75%
UEFA Szkocja
75%
UEFA Walia
75%
UEFA Węgry
75%
UEFA Dania
74%
UEFA Finlandia
74%
UEFA Grecja
74%
UEFA Holandia
74%
UEFA Islandia
74%
UEFA Rumunia
74%
UEFA Słowenia
74%
CONMEBOL Argentyna
73%
UEFA Białoruś
73%
CONMEBOL Brazylia
71%
UEFA Irlandia Północna
71%
UEFA Luksemburg
71%
UEFA Mołdawia
71%
UEFA Serbia
71%
UEFA Turcja
71%
UEFA Bułgaria
70%
AFC Chiny
70%
CONCACAF Kanada
70%
UEFA Liechtenstein
70%
UEFA Malta
70%
UEFA Szwajcaria
70%
UEFA Kosowo
69%
UEFA Armenia
68%
UEFA Bośnia i Hercegowina
68%
UEFA Gruzja
67%
UEFA Izrael
67%
AFC Korea Północna
67%
AFC Korea Południowa
67%
UEFA Macedonia Północna
67%
CONCACAF Meksyk
67%
OFC Australia
66%
UEFA Azerbejdżan
66%
AFC Japonia
66%
UEFA Cypr
64%
UEFA Kazachstan
64%
CONMEBOL Chile
63%
UEFA Czarnogóra
63%
AFC Iran
62%
CONMEBOL Urugwaj
62%
AFC Irak
61%
CAF Maroko
61%
AFC Katar
60%
AFC Oman
60%
CAF Tunezja
60%
AFC Arabia Saudyjska
59%
AFC Indonezja
59%
CONMEBOL Kolumbia
59%
OFC Nowa Zelandia
59%
UEFA Wyspy Owcze
59%
CAF Egipt
58%
AFC Indie
58%
CONCACAF Panama
58%
CONMEBOL Paragwaj
58%
CONMEBOL Peru
58%
CAF Republika Południowej Afryki
58%
CAF Algieria
57%
CONMEBOL Boliwia
57%
CONMEBOL Ekwador
57%
CONMEBOL Wenezuela
57%
CONCACAF Dominika
56%
AFC Jemen
56%
AFC Pakistan
56%
CONCACAF Kuba
55%
CAF Niger
55%
CAF Demokratyczna Republika Konga
54%
UEFA Gibraltar
54%
CAF Nigeria
54%
AFC Uzbekistan
54%
CONCACAF Dominikana
53%
CONCACAF Kostaryka
53%
AFC Mongolia
53%
AFC Tadżykistan
53%
AFC Zjednoczone Emiraty Arabskie
53%
CONCACAF Gujana
52%
CAF Senegal
52%
AFC Wietnam
52%
AFC Afganistan
51%
CAF Gwinea
51%
CONCACAF Haiti
51%
CONCACAF Jamajka
51%
CAF Kongo
51%
AFC Tajlandia
51%
CONCACAF Honduras
50%
AFC Kirgistan
50%
AFC Liban
50%
CAF Libia
50%
CAF Sudan
50%
CONCACAF Surinam
50%
CAF Wybrzeże Kości Słoniowej
50%
CAF Angola
49%
CAF Etiopia
49%
AFC Jordania
49%
AFC Laos
49%
AFC Syria
49%
AFC Turkmenistan
49%
AFC Bahrajn
48%
CAF Ghana
48%
CAF Kamerun
48%
AFC Kuwejt
48%
AFC Nepal
48%
CONCACAF Trynidad i Tobago
48%
CONCACAF Salwador
47%
AFC Bhutan
46%
CAF Czad
46%
AFC Filipiny
46%
CONCACAF Gwatemala
46%
CAF Madagaskar
46%
CAF Mali
46%
AFC Singapur
46%
CAF Sudan Południowy
46%
CAF Zambia
46%
CAF Zimbabwe
46%
AFC Bangladesz
45%
OFC Fidżi
45%
CAF Gwinea Równikowa
45%
AFC Malezja
45%
CAF Seszele
45%
CAF Erytrea
44%
CAF Gwinea Bissau
44%
CAF Kenia
44%
CAF Lesotho
44%
CONCACAF Nikaragua
44%
CAF Republika Środkowo Afrykańska
44%
CAF Republika Zielonego Przylądka
44%
CAF Somalia
44%
AFC Tajwan
44%
CAF Togo
44%
CAF Gabon
43%
CAF Malediwy
42%
CAF Mauretania
42%
OFC Papua Nowa Gwinea
42%
AFC Sri Lanka
42%
CONCACAF Belize
41%
AFC Kambodża
41%
AFC Mjanma
41%
CONCACAF Bahamy
40%
CAF Botswana
40%
CAF Brunei
40%
CAF Gambia
40%
CAF Liberia
40%
CAF Rwanda
40%
CONCACAF Saint Kitts i Nevis
40%
CONCACAF Saint Lucia
40%
AFC Timor Wschodni
40%
CAF Benin
39%
CAF Namibia
39%
CONCACAF Saint Vincent i Grenadyny
39%
OFC Vanuatu
39%
CAF Wyspy Świętego Tomasza i Książęca
39%
CAF Dżibuti
38%
CAF Eswatini
38%
CAF Tanzania
38%
CONCACAF Antigua i Barbuda
37%
OFC Tonga
37%
CONCACAF Barbados
36%
CAF Burkina Faso
36%
CAF Burundi
36%
CONCACAF Grenada
36%
CAF Mauritius
36%
CAF Mozambik
36%
OFC Samoa
36%
CAF Uganda
36%
AFC Palestyna
35%
CAF Wyspy Salomona
34%
CAF Komory
33%
CAF Malawi
33%
CAF Sierra Leone
33%
AFC Hongkong
26%
CONCACAF Portoryko
25%
CONCACAF Curaçao
21%
CONCACAF Brytyjskie Wyspy Dziewicze
19%
OFC Nowa Kaledonia
19%
CONCACAF Aruba
18%
CONCACAF Bermudy
18%
AFC Makau
16%
AFC Guam
15%
OFC Samoa Amerykańskie
15%
OFC Tahiti
14%
CONCACAF Anguilla
13%
OFC Wyspy Cooka
11%
CONCACAF Kajmany
9%
CONCACAF Turks i Caicos
8%
CONCACAF Wyspy Dziewicze Stanów Zjednoczonych
8%
CONCACAF Montserrat
7%
Nie znaleziono quizów pasujących do podanych kryteriów
Rozkład punktacji
Procent ludzi z każdym wynikiem
Percentyl według liczby udzielonych odpowiedzi
Twoja historia wyników
Nie rozwiązałeś tego quizu